Statistics for All Those Years Ago – Lyrics

Click here to take the quiz!

General Stats

  • This quiz has been taken 4 times
  • The average score is 20 of 31

Answer Stats

Answer% Correct
All you need is {love}
100%
But you were the one they {backed} up
100%
By someone, the devil's best {friend}
100%
He's the only reason we {exist}
100%
I send out a {prayer} to you
100%
Living with {good} and bad
100%
Shouting all about {love}
100%
They've forgotten about {God}
100%
to the {wall}
100%
Yet you were the one that they said was so {weird}
100%
And deep in the darkest {night}
67%
and our {tears}
67%
Talking all about how to {give}
67%
I always looked {up to you}
67%
They don't act with much {honesty}
67%
They've forgotten all about {mankind}
67%
to the {truth} when you say
67%
We're living in a bad {dream}
67%
While they treated you like a {dog}
67%
Yeah, you said it all though not many had {ears}
67%
And else that we {despised}
33%
And you had control of our {smiles}
33%
But you {point} the way
33%
free of the {lies}
33%
Now in the world of {light}
33%
Now we're left cold and {sad}
33%
Someone who {offended} it all
33%
When you were the one who had made it {so clear}
33%
Where the {spirit}
33%
Yeah, you were the one who {imagined} it all
33%
Yeah, you were the one who {imagined} it all
33%

Score Distribution

Percentile by Number Answered

Percent of People with Each Score

Your Score History

You have not taken this quiz